Cesty za štěstím. 2, Norsko, Arménie, Čína /
Kniha je pokračováním prvního dílu Cesty za štěstím, kdy se autorka od Bhútánu, Izraele a Islandu posunula k dynamické trojici - Norsku, Arménii a Číně.
Uloženo v:
| Série: | Cesty za štěstím,
část 2 |
|---|---|
| Hlavní autor: | |
| Médium: | E-kniha |
| Jazyk: | Czech |
| Vydáno: |
V Brně :
CPress,
2021
|
| Vydání: | 1. vydání |
| Témata: | |
| Příbuzné jednotky: | Z cyklu::
Cesty za štěstím |
| Tagy: |
Žádné tagy |
| LEADER | 03368nam a2200721 i 4500 | ||
|---|---|---|---|
| 001 | 311442 | ||
| 003 | CZ PrSKC | ||
| 005 | 20260601215705.0 | ||
| 007 | ta | ||
| 008 | 211112s2021 xr abc e 000 0 cze | ||
| 015 | |a cnb003374629 | ||
| 020 | |a 9788026439066 |q (vázáno) : |c Kč 349,00 | ||
| 035 | |a (OCoLC)1296108397 | ||
| 040 | |a OLA001 |b cze |d ABA001 |e rda | ||
| 043 | |a e-no--- |a a-ai--- |a a-cc--- | ||
| 045 | |a y-y- | ||
| 072 | 7 | |a 913 |x Regionální geografie |2 Konspekt | |
| 080 | |a 913:910.4 |2 MRF | ||
| 080 | |a 17.023.34 |2 MRF | ||
| 080 | |a 159.923.5-022.211 |2 MRF | ||
| 080 | |a 913(481) |2 MRF | ||
| 080 | |a 913(479.25) |2 MRF | ||
| 080 | |a 913(510) |2 MRF | ||
| 080 | |a (481) |2 MRF | ||
| 080 | |a (479.25) |2 MRF | ||
| 080 | |a (510) |2 MRF | ||
| 080 | |a (0:82-992) |2 MRF | ||
| 100 | 1 | |a Tronečková, Kristýna |7 jo20191059854 |4 aut | |
| 245 | 1 | 0 | |a Cesty za štěstím. |n 2, |p Norsko, Arménie, Čína / |c Kristýna Tronečková |
| 246 | 3 | 0 | |a Norsko, Arménie, Čína |
| 250 | |a 1. vydání | ||
| 264 | 1 | |a V Brně : |b CPress, |c 2021 | |
| 300 | |a 267 stran : |b ilustrace (převážně barevné), mapy, portréty ; |c 23 cm | ||
| 336 | |a text |b txt |2 rdacontent | ||
| 337 | |a bez média |b n |2 rdamedia | ||
| 338 | |a svazek |b nc |2 rdacarrier | ||
| 520 | 2 | |a Kniha je pokračováním prvního dílu Cesty za štěstím, kdy se autorka od Bhútánu, Izraele a Islandu posunula k dynamické trojici - Norsku, Arménii a Číně. |b I zde díky poznávání místní kultury, nahlížení za oponu a provádění hloubkových rozhovorů s obyvateli skládá obrázek toho, co činí místní šťastnými a co pro ně znamená samotná esence štěstí. Vzniká tak nezaměnitelný koktejl namíchaný z ingrediencí osobních zážitků z cest a samé podstaty dané kultury. Nakladatelská anotace. | |
| 648 | 7 | |a 21. století |7 ch460559 |2 czenas | |
| 650 | 0 | 7 | |a cesty a pobyt |7 ph137578 |z Norsko |y 21. století |2 czenas |
| 650 | 0 | 7 | |a cesty a pobyt |7 ph137578 |z Arménie |y 21. století |2 czenas |
| 650 | 0 | 7 | |a cesty a pobyt |7 ph137578 |z Čína |y 21. století |2 czenas |
| 650 | 0 | 7 | |a štěstí |7 ph127882 |2 czenas |
| 650 | 0 | 7 | |a pozitivní myšlení |7 ph124475 |2 czenas |
| 650 | 0 | 9 | |a travels and stays |z Norway |y 21st century |2 eczenas |
| 650 | 0 | 9 | |a travels and stays |z Armenia |y 21st century |2 eczenas |
| 650 | 0 | 9 | |a travels and stays |z China |y 21st century |2 eczenas |
| 650 | 0 | 9 | |a happiness |2 eczenas |
| 650 | 0 | 9 | |a positive thinking |2 eczenas |
| 651 | 7 | |a Norsko |7 ge130191 |x reálie |2 czenas | |
| 651 | 7 | |a Arménie |7 ge128679 |x reálie |2 czenas | |
| 651 | 7 | |a Čína |7 ge131732 |x reálie |2 czenas | |
| 651 | 9 | |a Norway |x description and travel |2 eczenas | |
| 651 | 9 | |a Armenia |x description and travel |2 eczenas | |
| 651 | 9 | |a China |x description and travel |2 eczenas | |
| 655 | 7 | |a cestopisy |7 fd131956 |2 czenas | |
| 655 | 9 | |a books of travels |2 eczenas | |
| 787 | 0 | 8 | |i Z cyklu: |t Cesty za štěstím |g 2 |
| 900 | |a ABA001 |b 21 | ||
| 928 | 9 | |a Albatros Media - CPress | |
| 044 | |a xr | ||
| 910 | |a RBIT002 | ||
| 998 | |d 337690 |a https://core.palmknihy.cz/api/books/337690/cover?si5vy3 |b https://core.palmknihy.cz/api/books/337690/cover/400?si5vy3 |c https://core.palmknihy.cz/api/books/337690/cover/50?si5vy3 |e 2031-12-31 |g 272 |i 9788026439066 |k https://core.palmknihy.cz/api/books/337690/preview.pdf |l |q 49 |r 1 |s https://www.palmknihy.cz/kniha/337690 |t ebook |y 2021 |z 0 |v Cesty za štěstím |w 2 | ||
| 999 | |d 311440 | ||